LEADER 01505nam 2200433 450 001 000016786 005 20060317131656.0 010 $a0-12-182146-3 011 $a0076-6879 100 $a20031016d1994----km-y0itay0103----ba 101 0 $aeng 102 $aUS 200 1 $aExtracellular matrix components$fedited by Erkki Ruoslahti, Eva Engvall 210 $aSan Diego... [etc.]$cAcademic Press$dc1994 215 $aXXIX, 638 p.$cill.$d24 cm 225 2 $aMethods in enzymology$v245 410 1$12001$aMethods in enzymology$v245 606 1 $aMatrice extracellulare 676 $a611.0182$v(21. ed.)$9Tessuto connettivo 702 1$aRuoslahti,$bErkki 702 1$aEngvall,$bEva 801 0$aIT$bUniversità della Basilicata - B.I.A.$gRICA$2unimarc 912 $a000016786 996 $aExtracellular matrix components$981967 997 $aUNIBAS BAS $aAGRARIA CAT $aSTD031$b01$c20031016$lBAS01$h1602 CAT $aTORRE$b20$c20031027$lBAS01$h1140 CAT $c20050601$lBAS01$h1755 CAT $abatch$b01$c20050718$lBAS01$h1053 CAT $c20050718$lBAS01$h1112 CAT $c20050718$lBAS01$h1142 CAT $c20050718$lBAS01$h1156 CAT $aTTM$b30$c20051128$lBAS01$h1300 CAT $aSTD042$b01$c20051213$lBAS01$h1529 CAT $aTTM$b30$c20060317$lBAS01$h1246 CAT $aTTM$b30$c20060317$lBAS01$h1316 FMT Z30 -1$lBAS01$LBAS01$mBOOK$1BASA2$APolo Tecnico-Scientifico$2DID$BDidattica$3PTS$677863$5A77863$820051213$f98$FConsultazione LEADER 03035 am 22006973u 450 001 9910131597403321 005 20230621141315.0 010 $a3-7001-7773-9 035 $a(CKB)3710000000470304 035 $a(SSID)ssj0001666235 035 $a(PQKBManifestationID)16455025 035 $a(PQKBTitleCode)TC0001666235 035 $a(PQKBWorkID)15000324 035 $a(PQKB)11785208 035 $a(WaSeSS)IndRDA00056257 035 $a(WaSeSS)IndRDA00120618 035 $a(oapen)https://directory.doabooks.org/handle/20.500.12854/25962 035 $a(EXLCZ)993710000000470304 100 $a20200604d2015 uy 0 101 0 $ager 135 $aurm|#|||||||| 181 $ctxt$2rdacontent 182 $cc$2rdamedia 183 $acr$2rdacarrier 200 14$aDie Canabae von Carnuntum II $eArcha?ologische und GIS-analytische Auswertung der Oberfla?chensurveys 2009-2010 /$fvon by Christian Gugl, Silvia Radbauer, Michaela Kronberger 210 $cVerlag der Österreichischen Akademie der Wissenschaften$d2015 210 1$aVienna, Austria :$cVerlag der O?sterreichischen Akademie der Wissenschaften,$d2015. 215 $a1 online resource (304 pages) $cdigital, PDF file(s) 225 1 $aRo?mische Limes in O?sterreich ;$vHeft 48 300 $aBibliographic Level Mode of Issuance: Monograph 311 08$aPrint version: 9783700176299 330 $aThe Carnuntum canabae legionis holds a special place in the category of the civilian suburbs of Roman fortresses. An overall plan of the canabae now exists, thanks to the intensification of aerial-archaeological evaluations in recent years in the area of ??present-day villages of Petronell and Bad Deutsch-Altenburg (Lower Austria, A); its richness in detail makes it unique. The hope of obtaining additional evidence regarding the expansion and chronology of the settlement - as well as the use of municipal zones (such as residential, economic and funerary areas, and open spaces) - was linked to the idea of ??performing a large-scale surface survey. 410 0$aRo?mische Limes in O?sterreich,$vHeft 48. 606 $aLimes (Roman boundary)$zAustria 606 $aExcavations (Archaeology)$zAustria 610 $aArchaeological field survey 610 $acanabae legionis 610 $aCarnuntum 610 $aPannonia 610 $aArchäologischer Oberflächensurvey 610 $aCanabae legionis 610 $aKeramik 610 $aRömische Kaiserzeit 610 $aRömisches Militärlager 610 $aRömisches Reich 610 $aSpätantike 610 $aTerra Sigillata 610 $aVicus 615 0$aLimes (Roman boundary) 615 0$aExcavations (Archaeology) 676 $a936.3 700 $aGugl$b Christian$0663808 702 $aRadbauer$b Silvia 702 $aKronberger$b Michaela 801 0$bWaSeSS 801 1$bWaSeSS 801 2$bUkMaJRU 906 $aBOOK 912 $a9910131597403321 996 $aDie Canabae von Carnuntum II$91927812 997 $aUNINA